The noble scholar, jurist, historian


 His Excellency Dr. Abdul Wahhab bin Ibrahim Abu Sulaiman, may Allah have mercy on him.


 He was born in Umm Al-Qura in the year 1356 AH.

الاشتباه وأثره في العبادات / (Record no. 13552)

MARC details
000 -LEADER
fixed length control field 01369ctm a22002771a 4500
003 - CONTROL NUMBER IDENTIFIER
control field SA-RiAUC
005 - DATE AND TIME OF LATEST TRANSACTION
control field 20251215140754.0
007 - PHYSICAL DESCRIPTION FIXED FIELD--GENERAL INFORMATION
fixed length control field co ug ---uuauu         
008 - FIXED-LENGTH DATA ELEMENTS--GENERAL INFORMATION
fixed length control field 251203s1991 su fsbm 00000 ara c
040 ## - CATALOGING SOURCE
Original cataloging agency SA-JeALM
Language of cataloging ara
Transcribing agency SA-RiAUC
Description conventions rda
082 04 - DEWEY DECIMAL CLASSIFICATION NUMBER
Classification number 252
Assigning agency SA-RiAUC
090 ## - LOCALLY ASSIGNED LC-TYPE CALL NUMBER (OCLC); LOCAL CALL NUMBER (RLIN)
Classification number (OCLC) (R) ; Classification number, CALL (RLIN) (NR) ر 252
Local cutter number (OCLC) ; Book number/undivided call number, CALL (RLIN) ز ي ر
100 1# - MAIN ENTRY--PERSONAL NAME
Personal name الزير، خالد بن صالح بن صالح
245 12 - TITLE STATEMENT
Title الاشتباه وأثره في العبادات /
Statement of responsibility, etc. خالد بن صالح بن صالح الزير ؛ إشراف سليمان التويجري.
260 ## - PUBLICATION, DISTRIBUTION, ETC.
Date of publication, distribution, etc. 1991
264 ## - PRODUCTION, PUBLICATION, DISTRIBUTION, MANUFACTURE, AND COPYRIGHT NOTICE
Place of production, publication, distribution, manufacture مكة المكرمة :
Name of producer, publisher, distributor, manufacturer جامعة أم القرى.
Date of production, publication, distribution, manufacture, or copyright notice 1991
300 ## - PHYSICAL DESCRIPTION
Extent 451 ورقة؛
Dimensions 30 سم.
500 ## - GENERAL NOTE
General note إهداء من المؤلف خالد بن صالح بن صالح الزير بتاريخ 1412/6/15 هـ
500 ## - GENERAL NOTE
General note أطروحة (ماجستير)-جامعة أم القرى، كلية التربية، قسم الفقه وأصوله، 1991.
502 ## - DISSERTATION NOTE
Dissertation note أطروحة (ماجستير)-جامعة أم القرى، كلية التربية، قسم الفقه وأصوله، 1991.
504 ## - BIBLIOGRAPHY, ETC. NOTE
Bibliography, etc. note يشتمل على إرجاعات ببليوجرافية.
650 #7 - SUBJECT ADDED ENTRY--TOPICAL TERM
Topical term or geographic name entry element العبادات (فقه إسلامي)
Form subdivision أقراص مدمجة
Source of heading or term aucsh
700 ## - ADDED ENTRY--PERSONAL NAME
Personal name التويجري، سليمان
942 ## - ADDED ENTRY ELEMENTS (KOHA)
Source of classification or shelving scheme Dewey Decimal Classification
Koha item type رسالة علمية
Suppress in OPAC No
949 ## - LOCAL PROCESSING INFORMATION (OCLC)
a SA-JeALM
d 251203
u mohamedma123
n 1
Holdings
Withdrawn status Lost status Source of classification or shelving scheme Damaged status Not for loan Collection Home library Current library Date acquired Total checkouts Full call number Barcode Date last seen Price effective from Koha item type
    Dewey Decimal Classification     اهداء DR AbdElwahab Library DR AbdElwahab Library 12/15/2025   ر 252 ز ي ر 000021729 12/15/2025 12/15/2025 رسالة علمية